000 05945nam a22004937a 4500
005 20100903104128.0
010 _aHIN-90332 B-441533-553
020 _a9788189211301
_c100.00
035 _aHN-62678
035 _aB-441533-553
037 _bDBAD / PUB
037 _bएलाईड पब्लिशर्स
082 _a
100 _aप्रेमचंद
_91372
245 _aकफ़न /
_cप्रेमचंद
260 _aनई दिल्ली
_bभारतीय ग्रंथ निकेतन
_c2010
270 _a2713, कूचा चेलान, दरियागंज
_bनई दिल्ली
_e110002
300 _a107पृ.
_c22सेमी (सजिल्द)
650 _aलघु कथाएं, हिन्दी
_91159
942 _2ddc
_cHN
_h
_mप्रेमचं
999 _c43478
_d43478